Caballeriza de Córdoba / (Record no. 40314)

MARC details
000 -LEADER
campo de control de longitud fija 00863nam a2200205 i 4500
001 - NÚMERO DE CONTROL
campo de control 40314
003 - IDENTIFICADOR DE NÚMERO DE CONTROL
campo de control ES-MaACL
005 - FECHA Y HORA DE LA ÚLTIMA TRANSACCIÓN
campo de control 20250620063012.0
007 - CAMPO FIJO DE DESCRIPCIÓN FÍSICA--INFORMACIÓN GENERAL
campo de control de longitud fija t|
008 - DATOS DE LONGITUD FIJA--INFORMACIÓN GENERAL
campo de control de longitud fija 030305s1895 sp ||||1| spa d
100 1# - ENTRADA PRINCIPAL--NOMBRE DE PERSONA
Nombre de persona Carrillo Lasso, Alonso,
Fechas asociadas al nombre 1582-1628
9 (RLIN) 35777
245 10 - MENCIÓN DEL TÍTULO
Título Caballeriza de Córdoba /
Mención de responsabilidad, etc. Alfonso Carrillo Lasso.
250 ## - MENCION DE EDICION
Mención de edición [2ª ed. Publicala el Excmº Señor Marqués de Xerez de los Caballeros... [Sumario... Varias palabras... Reproducción de la edición principe... Equitación. Apuntes bibliograficos por D. José Maria Nogues].
260 ## - PUBLICACIÓN, DISTRIBUCIÓN, ETC.
Lugar de publicación, distribución, etc. Madrid :
Nombre del editor, distribuidor, etc. [s.n.],
Fecha de publicación, distribución, etc. 1895.
300 ## - DESCRIPCIÓN FÍSICA
Extensión X p., 3 h., 27, 46 p., 1 h. ;
Dimensiones 24 cm.
700 1# - ENTRADA AGREGADA--NOMBRE PERSONAL
Nombre de persona Nogués, José María.
9 (RLIN) 130515
700 1# - ENTRADA AGREGADA--NOMBRE PERSONAL
Nombre de persona Pérez de Guzmán y Boza, Manuel,
Títulos y otros términos asociados al nombre Marqués de Jerez de los Caballeros.
9 (RLIN) 128298
852 ## - LOCALIZACIÓN
Ubicación ES-MaACL
Número de control de estantería T-957-F-11
Holdings
Estatus retirado Estado de pérdida Estado de daño No para préstamo Colección Biblioteca de origen Biblioteca actual Ubicación en estantería Fecha de adquisición Fuente de adquisición Total de préstamos Signatura topográfica completa Código de barras Visto por última vez Precio de reemplazo Tipo de ítem Koha
        Colección de folletos Biblioteca del Ateneo de Madrid Biblioteca del Ateneo de Madrid Depósito folletos 17/01/2008     T-957-F-11 1042442 23/02/2023 23/02/2023 Folleto